000 00659nam a2200217 a 4500
999 _c10254
_d10254
001 10254
003 BD-JhCC
005 20180421193633.0
008 180421b1991 bg |||| ||a| 000 0 ben d
035 _a(BD-JhCC) 10254
040 _aBD-JhCC
_dBD-JhCC
041 _aben
082 _a928.08
_bMAM 1991
100 _aমামুদ, হায়াৎ
245 _aলিয়েফ তলস্তোয় /
_c হায়াৎ মামুদ
260 _aঢাকা :
_bএকাডেমিক পাবলিশার্স ঢাকা ,
_c1991
300 _a123 p .:
_c22 cm
650 _aBiography
942 _2ddc
_cBK